000 01124cad a22002895a 4500
001 L156482
008 120528e2012 xxk 000 0 eng d
035 _a(Sirsi) u156482
041 0 _aeng
110 2 _aDeloitte and Touche (M.E.)
245 0 0 _aGCC powers of construction 2012
_bfive lessons to learn from
_h[electronic resource]
260 _a[S.l.]
_bDeloitte
_c2012
505 2 _aIntroduction -- Reflect -- Review -- Refocus -- Reinvest -- Rebound
520 _aLooks at the rapidly moving Gulf Cooperation Council (GCC) economy and suggests that construction businesses must move forward quickly to embrace the opportunities.
590 _aKA NTK
651 4 _aEMEA
651 4 _aIraq
651 4 _aKuwait
651 4 _aBahrain
651 4 _aQatar
651 4 _aUnited Arab Emirates
651 4 _aOman
651 4 _aSaudi Arabia
690 _aConstruction management
_96230
856 4 0 _uhttps://www.deloitte.com/assets/Dcom-MiddleEast/Local%20Assets/Documents/Industries/Real%20Estate/Construction/2012%20GCC%20poc%20publication.pdf
_zDownload the report (pdf) here www.deloitte.com
942 _n0
999 _c114268
_d114268